00697nam a2200217Ia 450000500170000000800410001704000190005804100120007708200130008910000190010224500660012126000350018730000150022250400500023765000170028765100420030485000100034694200070035699900170036395200990038020240122091740.0131103s9999 xx 000 0 und d aLoreto College aEnglish a342bVIL aVile, M. J. C. aConstitutionalism and the separation of powerscM. J. C. Vile aOxfordbClarendon Presscc1967 avii,359p.  aIncludes bibliographical references and index aConstitution aConstitutional and administrative Law aLCLIB cBK c10117d60596 00102ddc4070aMAINbMAINd2013-11-04l0o342 VIL 18139pB9995r2013-11-04w2013-11-04yBKf